01005cam a2200253 i 4500999001500000001001900015003000400034005001700038008004100055020001800096040000900114245007600123246007000199264005300269300005700322500004100379600003600420650004500456650005300501700003600554700004000590942000800630952011300638 c8040d8040991061322207806706OSt20251113170156.0250428s2024 spco|||| |||| 01| 0bcat|c a9798312747676 cCDMR00aMontserrat Minobis :buna dona lliure /cselecció de M. Carme Minobis04aMontserrat Minobis :buna dona lliure : el seu pensament i ideari 1aCassa de la Selva :bEditora Cassanenca,c[2024] a109 pàginesbfotografies en blanc i negre ;c26 cm aA coberta: El seu pensament i ideari17aMinobis, Montserrat,d1942-2019 7aDones periodisteszCatalunyavBiografia. 7aDones periodisteszCatalunyavReculls d'escrits.1 aMinobis, Montserrat,d1942-20191 aMinobis, M. Carme,eeditor literari cMON 00104070aCDMRbCDMRd2025-11-13eDonacióg12.48l0oDu 1/220pCDMR25111256r2025-11-13w2025-11-13yMON